000 00652nam a2200205 a 4500
999 _c2474
_d2474
001 2474
003 BD-JhCC
005 20171102194115.0
008 171102s1986 bg ||||| |||| 00| 0 ben d
035 _a(BD-JhCC)
040 _aBD-JhCC
_dBD-JhCC
041 _aben
082 _a823.914
_bQIB 1986
100 _aকিবরিয়া, শাহজাহান
245 _aচার বুড়ির কান্ড /
_cশাহ্ জাহান কিবরিয়া
260 _aঢাকা :
_bমুক্তধারা ;
_c১৯৮৬
300 _a৪৬ পৃ. ;
_c২২ সেমি
650 _aFairy tales
942 _2ddc
_cBK